00824nam a2200229 a 450000100060000000300090000600500170001500800410003203500180007304000230009104100080011408200280012208800210015024501230017126000380029430000240033250000650035650000570042165000310047865000290050971000560053850738BD-RJUL 20211209075546.0160828s1970 nyu i000 0 eng  aBD-RJUL 50858 aDLCcDLCdm.cbeng aeng 223 a301.412bPAR 1970  aE/CN.6/513/Rev.100aParticipation of women in the economic and social development of their countries :bReport of the Secretary General /  aNew York :bUnited Nations,c1970 aiv, 104 p. ;c28 cm a"United Nations publications sales no.E.70.IV.4"--T.p.verso. aAt head of title: Commission on the Status of Women. 0aWomenxEconomic conditions 0aWomenxSocial conditions2 aUnited Nations.bCommission on the Status of Women.